000 00600nam a22002177a 4500
003 OSt
005 20220107122733.0
008 140408b xxu||||| |||| 00| 0 eng d
020 _a9788131764916
040 _cIIITM-K
082 _a005.453 DAV/C
100 _aDave, Parag H
_93696
245 _aCompilers:
_bPrinciples and practice
_cby Parag H Dave; Himanshu B Dave
260 _aNew Delhi,
_bPearson,
_c2012.
300 _axxii, 513p.
650 _aCOMPUTER SCIENCE
_93697
650 _aCOMPILERS
_93698
650 _aGNU COMPILERS
_93699
700 _aDave, Himanshu B
_93700
942 _2ddc
_cBK
999 _c3732
_d3732